Normal view
MARC view
- PhD-Transportation Engineering
Entry Topical Term
001 - CONTROL NUMBER
- control field: 123786
003 - CONTROL NUMBER IDENTIFIER
- control field: NUST
005 - DATE AND TIME OF LATEST TRANSACTION
- control field: 20240626113321.0
008 - FIXED-LENGTH DATA ELEMENTS
- fixed length control field: 240626|| aca||aabn | a|a d
040 ## - CATALOGING SOURCE
- Original cataloging agency: NUST
- Transcribing agency: NUST
150 ## - HEADING--TOPICAL TERM
- Topical term or geographic name entry element: PhD-Transportation Engineering
670 ## - SOURCE DATA FOUND
- Source citation: Work cat.: (NUST)607593: Khan, Jamal Ahmed 29198, A Multidimensional Impact Analysis of Heterogeneous Factors on Mobility of a Multilane Highway/
